01263nam a2200313 a 4500001001200000003000800012006001900020007001500039008004100054010001700095020003900112040002100151035002100172050002300193082001200216100002200228245012300250260004300373300002400416490004000440504005600480533015200536650003100688655002900719710001700748830004100765856012600806999001700932ebr10256583CaPaEBRm u cr cn|||||||||070222s2007 nyua sb 000 0 eng  z 2007007837 z9783110186826 (cloth : alk. paper) aCaPaEBRcCaPaEBR a(OCoLC)61459512114aPB211b.E46 2007eb04a4152221 aEmonds, Joseph E.10aDiscovering syntaxh[electronic resource] :bclause structures of english, german, and romance /cby Joseph E. Emonds. aNew York :bMouton de Gruyter,cc2007. axii, 393 p. :bill.1 aStudies in generative grammar ;v93 aIncludes bibliographical references (p. [381]-393). aElectronic reproduction.bPalo Alto, Calif. :cebrary,d2013.nAvailable via World Wide Web.nAccess may be limited to ebrary affiliated libraries. 0aLanguages, ModernxSyntax. 7aElectronic books.2local2 aebrary, Inc. 0aStudies in generative grammar ;v93.40uhttp://site.ebrary.com/lib/rucke/Doc?id=10256583zAn electronic book accessible through the World Wide Web; click to view c30207d30207